000 01486nam0a2200349 4500
001 RU\NLR\bibl\563155
005 20250609163150.0
021 _aRU
_b2004-19777
_91008
035 _a(NLR Aleph) 000555262
090 _a1497852
_c1497852
100 _a20041015d2003 |||y0rusy50 ca
101 0 _arus
_deng
102 _aRU
105 _aa |||||||||
200 1 _aМагнитный катализ стабильности кварковой материи в модели Намбу-Йона-Лазинио
_fК.Г. Клименко, Д. Эберт
210 _aПротвино
_cИн-т физики высоких энергий
_d2003
215 _a9 с.
_cил.
_d28
225 1 _aПрепринт
_fГос. науч. центр Рос. Федерации Ин-т физики выскоих энергий
_vИФВЭ ОТФ 2003-5
300 _aРез. на англ. яз.
320 _aБиблиогр.: с. 9 (15 назв.)
606 0 _aМатерия кварковая странная во Вселенной
_xМодели
_92313279
_3RU\NLR\auth\661384354
606 0 _aКвантовая хромодинамика
_xНамбу-Иона-Лазинио модель
_91304647
_3RU\NLR\auth\66540696
686 _aВ632.9
686 _aВ632.4
700 1 _aКлименко
_bК. Г.
_4070
701 1 _aЭберт
_bД.
_4070
801 0 _aRU
_bNLR
_c20041015
_gPSBO
801 1 _aRU
_bNLR
_c20041015
942 _cBOOK
980 _aNB
980 _aNBR